Migliori club del XX secolo per ogni continente secondo l'IFFHS - Statistics

Statistiche generali
  • Questo quiz è stato fatto 10 volte
  • Il punteggio medio è 2 su 6
Statistiche sulle risposte
Continente Nazione Punteggio Squadra % Corretto
Europa Spagna 563,50 Real Madrid
100%
Asia Arabia Saudita 93,50 Al-Hilal
70%
Oceania Australia 106,50 South Melbourne
30%
America del Sud Uruguay 531,00 Peñarol
20%
Africa Ghana 149,00 Asante Kotoko
10%
America del Nord Costa Rica 187,00 Saprissa
10%
Nessun quiz corrispondente trovato
Distribuzione punteggi
Percentuale di utenti per punteggio
Percentile per numero di risposta
I tuoi punteggi nel tempo
Non hai fatto questo quiz